000 00936cam a2200337 a 4500
001 758361
003 ARRUPE
005 20160413093426.0
008 890619s1986 enka b 001 0 eng
010 _a 87111822
020 _a0862324297
020 _a0862324300 (pbk.)
035 _a(OCoLC)15592356
035 _a(OCoLC)ocm15592356
035 _a(CStRLIN)NYCG89-B45126
035 _a(NNC)758361
040 _cArrupe
043 _af------
050 0 _aHG187.5.A2
_bS45 1986
082 0 _a332.1/096
_219
090 _aHG187.5.A2
_bS45 1986
100 1 _aSeidman, Ann Willcox,
_d1926-
_923733
245 1 0 _aMoney, banking, and public finance in Africa /
_cAnn Seidman.
260 _aLondon ;
_bZed Books,
_c1986.
300 _axv, 363 p. :
_bill. ;
_c23 cm.
500 _aIncludes index.
504 _aBibliography: p. 330-349.
650 0 _aFinance
_zAfrica.
_923734
942 _2lcc
_cMONOGRAPH
999 _c124591
_d124591